000 01549cam a22002054a 4500
005 20250605164110.0
008 250528s ||||||||||||||||||||||||d
035 _a17862
020 _a9789600344707
040 _aGR-AtMCL
_bgre
_dGR-AtMCL
_eAACR2
245 1 _aΗ Ψυχολογία της Νοημοσύνης
250 _a
260 _bΚαστανιώτη,
_c1986
300 _a208
520 _aΤο παρόν έργο γράφτηκε το 1947 και αποτελεί τομή για τα βασκά θέματα που ο πρωτεργάτης και θεμελιωτής της Παιδικής Ψυχολογία επεξεργάστηκε. Πρόλογος, Η Φύση της Νοημοσύνης, Νοημοσύνη και Βιολογική Προσαρμογή, Η ''Ψυχολογία της Σκέψης'' και η Ψυχολογική Φύση των Λογικών Διεργασιών, Η Νοημοσύνη και οι Αισθησιο-Κινητικές Λειτουργίες, Η Νοημοσύνη και η Αντίληψη, Η Έξη και η Αισθησιο-Κινητική Νοημοσύνη, Η Εξέλιξη της Σκέψης, Η Επεξεργασία της Σκέψης: Διαίσθηση και Διεργασίες της Σκέψης, Οι Κοινωνικοί Παράγοντες της Διανοητικής Εξέλιξης, Συμπέρασμα, Συνοπτική Βιβλιογραφία.
700 1 _aΠιαζέ Ζαν
_94120
942 _cBK
999 _c3262
_d3262